000 00587nam a2200205 i 4500
001 bg
100 1 _aGRABOWSKI, Jerzy
245 0 _aPodstawy i praktyka programowania mikroprocesorów /
_cJerzy Grabowski, Stanisław Koślacz.
260 _aWarszawa :
_bWydawn. Nauk.-Techn.,
_c1980.
300 _as. 338, nlb. 1 :
_brys.
490 1 _aInformatyka
504 _a[Zawiera bibliogr. s. 330-332].
700 1 _aKOŚLACZ, Stanisław
830 _aInformatyka
040 _cBPK
041 _apol
080 _a681.322.06
942 _cKS
008 s pl f |000 0 pol
999 _c19928
_d19928
856 _uhttp://koha.tu.koszalin.pl/cgi-bin/koha/opac-detail.pl?biblionumber=19928
_yKatalog online BPK